[Event "EU Union-ch 6th"]
[Site "Arvier"]
[Date "2010.09.11"]
[Round "8"]
[White "Valenti, Giuseppe"]
[Black "De Leeuw, Johannes"]
[Result "0-1"]
[WhiteElo "2162"]
[BlackElo "1882"]
[PlyCount "86"]
[EventDate "2010.09.04"]
[EventType "swiss"]
[EventRounds "9"]
[EventCountry "ITA"]
[SourceTitle "CBM 138 Extra"]
[Source "ChessBase"]
[SourceDate "2010.10.29"]
[SourceVersion "1"]
[SourceVersionDate "2010.10.29"]
[SourceQuality "1"]

1. e4 e5 2. Nf3 Nc6 3. Bb5 a6 4. Ba4 Be7 5. 0-0 b5 6. Bb3 Nf6 7. Re1 0-0 8. d3 d6 9. c3 Na5 10. Bc2 c5 11. Nbd2 Nc6 12. a4 b4 13. Nc4 Be6 14. Bb3 h6 15. h3 a5 16. Be3 Rb8 17. Qc2 Qc7 18. Rad1 bxc3 19. bxc3 Rb7 20. Bc1 Rfb8 21. Ba2 Bd8 22. Re2 Be7 23. Ba3 Nh5 24. Bc1 Nf6 25. Rf1 Qc8 26. Nh2 g5 27. Ne3 Bxa2 28. Qxa2 Qe6 29. Qd2 Bf8 30. Nf5 Ne7 31. g4 Ng6 32. Re3 Nf4 33. Rf3 Kh7 34. Rg3 Rb1 35. Ne3 Qb3 36. h4 Kg6 37. hxg5 hxg5 38. Re1 Qxa4 39. d4 cxd4 40. cxd4 Qb5 41. Kh1 Rc8 42. Rgg1 a4 43. dxe5 dxe5 0-1

[Event "EU Union-ch 6th"]
[Site "Arvier"]
[Date "2010.09.08"]
[Round "5"]
[White "De Leeuw, Johannes"]
[Black "Pepino, Enrico"]
[Result "0-1"]
[WhiteElo "1882"]
[BlackElo "2205"]
[PlyCount "126"]
[EventDate "2010.09.04"]
[EventType "swiss"]
[EventRounds "9"]
[EventCountry "ITA"]
[SourceTitle "CBM 138 Extra"]
[Source "ChessBase"]
[SourceDate "2010.10.29"]
[SourceVersion "1"]
[SourceVersionDate "2010.10.29"]
[SourceQuality "1"]

1. e4 d6 2. d4 Nf6 3. Bd3 g6 4. Nf3 Bg7 5. c3 0-0 6. Be3 Nc6 7. 0-0 e5 8. dxe5 Nxe5 9. Nxe5 dxe5 10. f3 Nh5 11. Bc4 Qf6 12. Qc1 Nf4 13. Bxf4 exf4 14. Na3 a5 15. Rd1 a4 16. Qd2 Ra5 17. Qf2 c6 18. Rd2 Re8 19. Rad1 Bf8 20. Kh1 Rh5 21. Nc2 a3 22. bxa3 Qxc3 23. Qd4 Qxd4 24. Rxd4 Be7 25. a4 Kf8 26. Bb3 Ra5 27. Ne1 h5 28. Nd3 g5 29. Nb2 Bf6 30. Nc4 Bxd4 31. Nxa5 Bb6 32. Nc4 Bc7 33. Nd6 Bxd6 34. Rxd6 Be6 35. Kg1 Ke7 36. Rd2 Rd8 37. Rb2 Bc8 38. Kf2 f6 39. h3 Kd6 40. Ke2 Kc7 41. a5 Bd7 42. Rc2 Ra8 43. h4 Rxa5 44. hxg5 Rxg5 45. Kf2 b6 46. Rc1 h4 47. Rh1 Rh5 48. Rc1 b5 49. a4 b4 50. Bf7 Rh7 51. Bg8 Rh8 52. Bb3 Kb6 53. Rd1 Kc7 54. Rc1 Kd6 55. Rd1+ Ke7 56. Rc1 Rc8 57. a5 c5 58. a6 Be6 59. Bxe6 Kxe6 60. a7 Kd6 61. Ra1 Ra8 62. Ke2 Kc6 63. Ra6+ Kb5 0-1

[Event "EU Union-ch 6th"]
[Site "Arvier"]
[Date "2010.09.07"]
[Round "4"]
[White "Dritsakos, Alessio"]
[Black "De Leeuw, Johannes"]
[Result "0-1"]
[WhiteElo "1971"]
[BlackElo "1882"]
[PlyCount "136"]
[EventDate "2010.09.04"]
[EventType "swiss"]
[EventRounds "9"]
[EventCountry "ITA"]
[SourceTitle "CBM 138 Extra"]
[Source "ChessBase"]
[SourceDate "2010.10.29"]
[SourceVersion "1"]
[SourceVersionDate "2010.10.29"]
[SourceQuality "1"]

1. e4 e5 2. Nf3 Nc6 3. Bb5 a6 4. Ba4 Be7 5. 0-0 b5 6. Bb3 Nf6 7. Re1 d6 8. h3 0-0 9. c3 Na5 10. Bc2 c5 11. d4 Nc6 12. d5 Nb8 13. Nbd2 Nbd7 14. Nf1 Nb6 15. b3 Bb7 16. Ne3 g6 17. Ng4 Nxg4 18. hxg4 Bf6 19. Bh6 Bg7 20. Qd2 Bc8 21. Nh2 Bxh6 22. Qxh6 Qf6 23. Re3 Qg7 24. Qh4 f6 25. Rae1 g5 26. Qh3 Bd7 27. Nf1 Qg6 28. Bd1 c4 29. Ng3 a5 30. Nf5 Bxf5 31. gxf5 Qg7 32. Be2 Rfc8 33. Rb1 Rab8 34. Qg3 Qc7 35. b4 axb4 36. cxb4 Ra8 37. Ra3 Rxa3 38. Qxa3 Ra8 39. Qb2 Qa7 40. Ra1 Qa3 41. Qxa3 Rxa3 42. Bd1 Kf8 43. Kf1 Ke7 44. Ke1 Nd7 45. Kd2 Nb6 46. Kc1 Na4 47. Bxa4 Rxa4 48. a3 h5 49. Kb2 Ra8 50. f3 Kd7 51. a4 Rxa4 52. Rh1 Rxb4+ 53. Kc2 h4 54. g3 hxg3 55. Rg1 Rb3 56. Rxg3 Kc7 57. Rh3 Kb6 58. Rh6 Rxf3 59. Rxf6 Kc5 60. Rg6 b4 61. Rxg5 Rf2+ 62. Kd1 b3 63. Kc1 c3 64. Rg1 Ra2 65. Kb1 c2+ 66. Kc1 Ra1+ 67. Kb2 Rxg1 68. Kxb3 c1Q 0-1

[Event "Francophone op 1st"]
[Site "Arvier"]
[Date "2009.09.28"]
[Round "3"]
[White "De Leeuw, Johannes"]
[Black "Wirig, Anthony"]
[Result "0-1"]
[WhiteElo "1932"]
[BlackElo "2491"]
[PlyCount "50"]
[EventDate "2009.09.27"]
[EventType "swiss"]
[EventRounds "9"]
[EventCountry "ITA"]
[SourceTitle "EXT 1999"]
[Source "ChessBase"]
[SourceDate "1998.11.16"]
[SourceVersion "1"]
[SourceVersionDate "1998.11.16"]
[SourceQuality "1"]

1. e4 g6 2. c3 Bg7 3. d4 d6 4. Be3 Nf6 5. f3 a6 6. Bd3 Nc6 7. Ne2 e5 8. Bc2 0-0 9. 0-0 d5 10. dxe5 Nxe5 11. Nd2 Qe7 12. Ng3 Rd8 13. Qe2 c5 14. Qf2 d4 15. cxd4 Nfg4 16. fxg4 Nxg4 17. Qxf7+ Qxf7 18. Bb3 Qxb3 19. Nxb3 Nxe3 20. dxc5 Nxf1 21. Kxf1 a5 22. Rb1 a4 23. Nc1 Rd1+ 24. Ke2 Bg4+ 25. Ke3 Bh6+ 0-1

[Event "FRA-chT3 Gr01 0607"]
[Site "France"]
[Date "2007.02.11"]
[Round "6.7"]
[White "De Leeuw, Johannes"]
[Black "Petat, Yannick"]
[Result "1/2-1/2"]
[WhiteElo "2001"]
[BlackElo "2005"]
[PlyCount "60"]
[EventDate "2006.10.15"]
[EventType "team"]
[EventRounds "9"]
[EventCountry "FRA"]
[SourceTitle "EXT 2008"]
[Source "ChessBase"]
[SourceDate "2007.11.25"]
[SourceVersion "1"]
[SourceVersionDate "2007.11.25"]
[SourceQuality "1"]

1. e4 e6 2. d4 d5 3. Bd3 Nf6 4. exd5 exd5 5. Ne2 Bd6 6. Bf4 0-0 7. 0-0 Re8 8. Nd2 Nc6 9. c3 Ne7 10. Bxd6 Qxd6 11. Ng3 Bg4 12. Qc2 h6 13. Rfe1 Bh5 14. Nxh5 Nxh5 15. Nf1 Nf4 16. Re3 Nxd3 17. Qxd3 Ng6 18. Rae1 Rxe3 19. Qxe3 Kf8 20. Ng3 Qf4 21. Kf1 Qxe3 22. Rxe3 Re8 23. Rxe8+ Kxe8 24. Nf5 Kf8 25. g3 Ne7 26. Ne3 c6 27. a4 Ke8 28. h4 Kd7 29. Ke2 a5 30. Kd3 Ke6 1/2-1/2

[Event "Arvier op 2nd"]
[Site "Arvier"]
[Date "2005.04.23"]
[Round "7"]
[White "De Leeuw, Johannes"]
[Black "Papale, Carmelo"]
[Result "1/2-1/2"]
[WhiteElo "1979"]
[BlackElo "1955"]
[PlyCount "126"]
[EventDate "2005.04.18"]
[EventType "swiss"]
[EventRounds "9"]
[EventCountry "ITA"]
[SourceTitle "CBM 105 Extra"]
[Source "ChessBase"]
[SourceDate "2005.05.01"]
[SourceVersion "1"]
[SourceVersionDate "2005.05.01"]
[SourceQuality "1"]

1. c4 c5 2. Nf3 d6 3. e4 Nc6 4. d4 cxd4 5. Nxd4 Nf6 6. Nc3 e6 7. Be2 Be7 8. 0-0 0-0 9. Be3 d5 10. exd5 exd5 11. Nxd5 Nb4 12. Bg5 Nbxd5 13. cxd5 Qxd5 14. Nf3 Qa5 15. Qd2 Qxd2 16. Nxd2 h6 17. Bh4 Bf5 18. Rac1 Rad8 19. Rfd1 Rd7 20. Nc4 Rfd8 21. Ne3 Be4 22. f3 Bc6 23. Nf5 Rxd1+ 24. Rxd1 Rxd1+ 25. Bxd1 Bc5+ 26. Kf1 Nd5 27. Bf2 Bxf2 28. Kxf2 Kf8 29. g3 Nb4 30. Bb3 Nd3+ 31. Ke3 Nxb2 32. Nd6 f6 33. f4 a5 34. Kd4 b6 35. Nc8 a4 36. Bc2 b5 37. Kc5 Bd7 38. Nd6 Nc4 39. Nxc4 bxc4 40. a3 c3 41. Kb4 Ke7 42. Kxc3 g5 43. fxg5 hxg5 44. Kb4 Kd6 45. Kc3 Ke5 46. Kd2 Kd4 47. h4 gxh4 48. gxh4 f5 49. h5 Ke5 50. h6 Kf6 51. Ke3 Kg6 52. Kf4 Kxh6 53. Bxf5 Bc6 54. Be4 Bb5 55. Ke3 Kg5 56. Bc2 Kf6 57. Kd4 Ke7 58. Kc5 Be8 59. Bd3 Kd8 60. Kb6 Kc8 61. Ba6+ Kb8 62. Bb7 Bf7 63. Bc6 Bb3 1/2-1/2